Sports Quiz

Random Sports Quiz

Extranjeros en Colo-Colo (2010-2016, Primera División) Quiz Stats

Quiz not verified by Sporcle

Challenge
Share
Tweet
Embed
Score 0/32 Timer 12:00
0 Plays Today
% Correct
Justo Villar
98%
Matías Zaldivia
94.1%
Lucas Wilchez
94.1%
Javier Reina
92.2%
Julio Barroso
92.2%
Macnelly Torres
92.2%
Andrés Scotti
90.2%
Renny Vega
88.2%
Juan Castillo
86.3%
Matías Quiroga
84.3%
Christofer Gonzales
82.4%
Miguel Ángel González
80.4%
Mauro Olivi
78.4%
Juan Guillermo Domínguez
78.4%
Martín Tonso
76.5%
Osmar Molinas
76.5%
% Correct
José Domingo Salcedo
76.5%
Emiliano Vecchio
72.5%
Nelson Cabrera
72.5%
Javier Toledo
68.6%
José Leonardo Cáceres
66.7%
Ezequiel Miralles
66.7%
Cristian Bogado
64.7%
Fabián Benítez
62.7%
Fernando de la Fuente
62.7%
Javier Cámpora
60.8%
Gino Clara
60.8%
Damián Malrechauffe
54.9%
Horacio Cardozo
54.9%
Facundo Coria
52.9%
Agustín Alayes
52.9%
Claudio Graf
47.1%

You're not logged in!

Compare scores with friends on all Sporcle quizzes.
Sign Up with Email
OR
Log In

You Might Also Like...

Show Comments

Extras

Top Quizzes Today


Score Distribution

Your Account Isn't Verified!

In order to create a playlist on Sporcle, you need to verify the email address you used during registration. Go to your Sporcle Settings to finish the process.